000
00330nam a2200145Ia 4500
100
_a
Yourdon/E.
942
_c
BK
654
_a
structured cobol
245
_a
Learning to programme in structured COBOL
260
_b
prentice hall
_a
New Delhi
_c
1987
082
_a
1.6424
_b
YOU
300
_a
478
546
_a
ENGLISH
999
_c
30649
_d
30649